000 00421nam a22001817a 4500
003 MPLRDC
005 20220104114401.0
008 210129b ||||| |||| 00| 0 eng d
020 _a962-357-054-6
082 _a848.4 LBY-5
100 _a刘宾雁
245 _a我的日记
_c
260 _a
_b明报出版社
_c1988
300 _b
490 _a焦点文库
650 _a现代别集
942 _cBK
_o848.4 LBY-5
999 _c7059
_d7049